| 000 | 00388nam a2200133Ia 4500 | ||
|---|---|---|---|
| 008 | 220217s9999||||xx |||||||||||||| ||und|| | ||
| 020 | _a81-85461-07-4 | ||
| 082 | _a004.165 RAF | ||
| 100 | _aRafiquzzaman, Mohamed | ||
| 245 | 0 | _aMicroprocessors and microcomputer based system design | |
| 260 |
_aUniversal book stall _bNew Delhi _c2000 |
||
| 300 | _b350 | ||
| 650 | _aMICROPROCESSOR | ||
| 999 |
_c166331 _d166331 |
||